banner koha

Colonização de espécies arbustivo-arbóreas em povoamento de Eucalyptus spp., Lavras, MG (Registro n. 218532)

MARC details
000 -LÍDER
campo de controle de tamanho fixo 00957nas a2200313 4500
001 - NÚMERO DE CONTROLE
campo de controle BR2012002797
003 - IDENTIFICADOR DO NÚMERO DE CONTROLE
campo de controle BR-BrBNA
005 - DATA E HORÁRIO DA ÚLTIMA TRANSAÇÃO
campo de controle 20231205120438.0
007 - CAMPO FIXO DE DESCRIÇÃO FÍSICA--INFORMAÇÃO GERAL
campo de controle de tamanho fixo ta
008 - CAMPO DE DADOS FIXOS--INFORMAÇÃO GERAL
campo de controle de tamanho fixo 230509b bl.|||p| |||| 00| 00por d
040 ## - FONTE DA CATALOGAÇÃO
Instituição da catalogação original BR-BrBNA
Idioma da catalogação por
Instituição que transcreveu o registro Biblioteca Nacional de Agricultura
041 ## - CÓDIGO DE IDIOMA
Código do idioma do texto/trilha sonora ou título diferente (Pt)
072 ## - CÓDIGO DE CATEGORIA DE ASSUNTO
Código de Categoria de Assunto F70; K10
100 1# - ENTRADA PRINCIPAL--NOME PESSOAL
Nome pessoal Armando, D.M. de S.
100 1# - ENTRADA PRINCIPAL--NOME PESSOAL
Nome pessoal Rosa, T.C.
100 1# - ENTRADA PRINCIPAL--NOME PESSOAL
Nome pessoal Sousa, H. de
100 1# - ENTRADA PRINCIPAL--NOME PESSOAL
Nome pessoal Silva, R.A.
100 1# - ENTRADA PRINCIPAL--NOME PESSOAL
Nome pessoal Carvalho, L.C. da S.
100 1# - ENTRADA PRINCIPAL--NOME PESSOAL
Nome pessoal Gonzaga, A.P.D.
100 1# - ENTRADA PRINCIPAL--NOME PESSOAL
Nome pessoal Machado, E.L.M.
100 1# - ENTRADA PRINCIPAL--NOME PESSOAL
Nome pessoal Costa, M. do P.
245 1# - TÍTULO
Título Colonização de espécies arbustivo-arbóreas em povoamento de Eucalyptus spp., Lavras, MG
650 ## - ASSUNTO--TERMO TÓPICO
Cabeçalho tópico ou nome geográfico EUCALIPTO
650 ## - ASSUNTO--TERMO TÓPICO
Cabeçalho tópico ou nome geográfico REGENERAÇÃO NATURAL
650 ## - ASSUNTO--TERMO TÓPICO
Cabeçalho tópico ou nome geográfico TAXONOMIA VEGETAL
773 0# - ENTRADA ANALÍTICA
Título Floresta e Ambiente (Brazil)
ISSN - International Standard Serial Number ISSN 1415-0980
Partes relacionadas (Oct-Dec 2011), v. 18(4) p. 376-389
Número de controle do registro BR2012002797
909 ## -
-- 202311
-- Lúcia
-- 55
-- Lúcia Elande
942 ## - ELEMENTOS DE ENTRADA ADICIONADOS (KOHA)
Fonte da classificação ou esquema de arquivamento na estante Classificação AGRIS
Ocultar no OPAC Não
Tipo de material Koha Analítica
Exemplares
Situação do descarte Fonte da classificação ou esquema de arquivamento na estante Situação física Não pode ser emprestado Biblioteca de origem Biblioteca atual Localização na estante Enumeração do periódico / cronologia Total de empréstimos Data de último acesso Número do exemplar Tipo de material Koha Fonte de aquisição
  Classificação AGRIS   Consulta local Biblioteca Nacional de Agricultura - Binagri Biblioteca Nacional de Agricultura - Binagri   (Oct-Dec 2011), v. 18(4) p. 376-389   29/11/2023 01 Periódicos Portaria Interministerial nº 164/94

BINAGRI

Telefone: (61)3218-2567/2388/3357/2097 - binagri@agro.gov.br

Ministério da Agricultura e Pecuária , Esplanada dos Ministérios, Bloco D, Anexo B, Brasília/DF, CEP: 70.043-900